INDIAN GEOTECHNICAL JOURNAL (Record no. 29101)

MARC details
000 -LEADER
fixed length control field 00200nam a22000977a 4500
003 - CONTROL NUMBER IDENTIFIER
control field SGT
245 ## - TITLE STATEMENT
Title INDIAN GEOTECHNICAL JOURNAL
260 ## - PUBLICATION, DISTRIBUTION, ETC. (IMPRINT)
Name of publisher, distributor, etc Springer publisher
Year of Publication 2019
300 ## - PAGE DESCRIPTION
No. of Pages 600
942 ## - ADDED ENTRY ELEMENTS (KOHA)
Source of classification or shelving scheme Dewey Decimal Classification
Koha item type Back Volumes
Holdings
Withdrawn status Lost status Source of classification or shelving scheme Damaged status Not for loan Collection code Home library Current library Shelving location Date acquired Vendor Name Volume Information (Serial or Books or Non-Book Material) Total Checkouts Accession No. (Barcode) Date last seen Bill Date Koha item type
    Dewey Decimal Classification   Not For Loan ENGINEERING SGT Engineering Library SGT Engineering Library On Display 17/01/2025 AHUJA PUBLISHER 49   FEP247 17/01/2025 17/01/2025 Back Volumes